000 00282 a2200121 4500
005 20260429092549.0
020 _a9781867425595
100 _aBLOCDYK,G
245 _aFreight Forwarder
260 _aUNITED STATES
_bThe art of service
_c2026
300 _a317p:
_c23cm
942 _2ddc
_cBKS
999 _c6872
_d6872